000 nam a22 7a 4500
999 _c10002
_d10002
008 180209b ||||| |||| 00| 0 eng d
100 _aChrismer,M.
_96041
245 _aRead About Math Multiply
260 _aNew Delhi
_bChildrens Press
_c2005